The law of Torts / (Record no. 46721)
[ view plain ]
| 000 -LEADER | |
|---|---|
| fixed length control field | 00676nam a2200241 a 4500 |
| 001 - CONTROL NUMBER | |
| control field | 46721 |
| 003 - CONTROL NUMBER IDENTIFIER | |
| rucl marc code | BD-RjUL |
| 005 - DATE AND TIME OF LATEST TRANSACTION | |
| control field | 20211209054209.0 |
| 008 - FIXED-LENGTH DATA ELEMENTS--GENERAL INFORMATION | |
| fixed length control field | 160803s1967 ii ||||| ||b| 00| 0 eng d |
| 020 ## - INTERNATIONAL STANDARD BOOK NUMBER | |
| Terms of availability | : IRs. 8.00 |
| 035 ## - SYSTEM CONTROL NUMBER | |
| System control number | (BD-RjUL)46840 |
| 040 ## - CATALOGING SOURCE | |
| Original cataloging agency | BD-RjUL |
| Language of cataloging | eng |
| Transcribing agency | BD-RjUL |
| 041 ## - LANGUAGE CODE | |
| Language code of text/sound track or separate title | eng |
| 082 ## - DEWEY DECIMAL CLASSIFICATION NUMBER | |
| Edition number | 23 |
| Classification number | 346.03 |
| Author mark and year | BAL 1967 |
| 100 1# - MAIN ENTRY--PERSONAL NAME | |
| Personal name | Basu, Durga Das |
| 9 (RLIN) | 142410 |
| 245 10 - TITLE STATEMENT | |
| Title | The law of Torts / |
| Statement of responsibility, etc. | by Durga Das Basu |
| 246 ## - VARYING FORM OF TITLE | |
| Title proper/short title | Basu's Law of Torts. |
| 250 ## - EDITION STATEMENT | |
| Edition statement | 7th ed. ,Revised and Enlarged |
| 260 ## - PUBLICATION, DISTRIBUTION, ETC. (IMPRINT) | |
| Place of publication, distribution, etc. | Calcutta : |
| Name of publisher, distributor, etc. | S. C. Sarkar & Sons Private Ltd. , |
| Date of publication, distribution, etc. | 1967 |
| 300 ## - PHYSICAL DESCRIPTION | |
| Pagination | [8], 172 p. ; |
| Size | 25 cm. |
| 650 ## - SUBJECT ADDED ENTRY--TOPICAL TERM | |
| Topical term or geographic name as entry element | Torts |
| Geographic subdivision | India |
| 9 (RLIN) | 142411 |
| 942 ## - ADDED ENTRY ELEMENTS (KOHA) | |
| Source of classification or shelving scheme | Dewey Decimal Classification |
| Koha item type | Books |
| Lost status | Source of classification or shelving scheme | Damaged status | Not for loan | Collection code | Permanent Location | Current Location | Shelving location | Date acquired | Source of acquisition | Cost, normal purchase price | Total Checkouts | Full call number | Date last seen | Copy number | Koha item type |
|---|---|---|---|---|---|---|---|---|---|---|---|---|---|---|---|
| Dewey Decimal Classification | Non-fiction | Central Library, University of Rajshahi | Central Library, University of Rajshahi | 03/07/1967 | Zeitlinger | 28.50 | 346.03 BAL 1967 | 03/08/2016 | C-2 | Books | |||||
| Dewey Decimal Classification | Non-fiction | Central Library, University of Rajshahi | Central Library, University of Rajshahi | 03/07/1967 | Zeitlinger | 28.50 | 346.03 BAL 1967 | 03/08/2016 | C-3 | Books | |||||
| Dewey Decimal Classification | Non-fiction | Central Library, University of Rajshahi | Central Library, University of Rajshahi | 24/08/1973 | Waris book center | 11.00 | 346.03 BAL 1967 | 20/11/2016 | C-4 | Books | |||||
| Dewey Decimal Classification | Not For Loan | Non-fiction | Central Library, University of Rajshahi | Central Library, University of Rajshahi | Reading Room | 24/08/1973 | Warsi book, cor. | 11.00 | 346.03 BAL 1967 | 04/01/2017 | C-1 | Books | |||
| Dewey Decimal Classification | Non-fiction | Central Library, University of Rajshahi | Central Library, University of Rajshahi | 24/08/1973 | Warsi Book Co. | 11.00 | 346.03 BAL 1967 | 22/01/2017 | C-5 | Books | |||||
| Dewey Decimal Classification | Non-fiction | Central Library, University of Rajshahi | Central Library, University of Rajshahi | 30/10/2019 | 346.03 BAL 1967 | 30/10/2019 | C-6 | Books |